Greenhouse technology and management

Shranjeno v:
Bibliografske podrobnosti
Main Authors: Castilla, Nicolás (Author), Baeza, Esteban J (Author), Papadopoulos, A. P (Author)
Format: Knjiga
Jezik:angleščina
Izdano: Oxford CABI 2013
Izdaja:2a. ed
Teme:
Oznake: Označite
Brez oznak, prvi označite!

MARC

LEADER 00000cam a2200000 a 4500
001 UCE5270
003 CL-VaPUC
008 141218e20130000uk |||||||||||||||||eng|d
020 |a 9781780641034 
082 0 4 |a 631.583  |b CAS  |2 21 
100 0 |a Castilla, Nicolás  |e author  |9 577803 
700 0 |a Baeza, Esteban J  |e author  |9 577804 
700 0 |a Papadopoulos, A. P  |e author  |9 577805 
245 1 0 |a Greenhouse technology and management 
250 |a 2a. ed 
300 |a 335 p 
942 |c BK 
945 |d 20141218 14:43:00  |a dcastane 
260 |a Oxford  |b CABI  |c 2013 
650 0 |a Invernaderos  |9 264317 
650 0 |a Agricultura  |9 255598 
650 7 |a PLASTICULTURA  |2 CL-VaPUC  |9 475101 
650 0 |a Tecnología agrícola  |9 325634 
583 |a last modification  |c 20141218 14:43:00  |k Rodrigo Vera 
999 |c 358025  |d 358023 
952 |0 0  |1 0  |3 erd  |4 0  |6 631_583000000000000_CAS_2013  |7 0  |8 A  |9 466242  |a BIBAGR  |b BIBAGR  |i 5130778  |l 1  |o 631.583 CAS 2013  |p 5130778  |r 2025-01-20  |s 2023-06-16  |w 2019-11-23  |y BK  |z Catalogado en:20141218  |k AGR 
952 |0 0  |1 1  |2 ddc  |3 erd  |4 0  |6 631_583000000000000_CAS_2013  |7 0  |8 A  |9 466243  |a BIBAGR  |b BIBAGR  |i 5130786  |o 631.583 CAS 2013  |p 5130786  |r 2019-11-23  |w 2019-11-23  |y BK  |z Catalogado en:20141218  |k AGR